Relaciones tipográficas mandadas hacer por Felipe II (Record no. 126181)

MARC details
000 -LEADER
campo de control de longitud fija 00895nam a2200205 4500
001 - NÚMERO DE CONTROL
campo de control 126181
003 - IDENTIFICADOR DE NÚMERO DE CONTROL
campo de control ES-MaACL
005 - FECHA Y HORA DE LA ÚLTIMA TRANSACCIÓN
campo de control 20250822052912.0
007 - CAMPO FIJO DE DESCRIPCIÓN FÍSICA--INFORMACIÓN GENERAL
campo de control de longitud fija t|
008 - DATOS DE LONGITUD FIJA--INFORMACIÓN GENERAL
campo de control de longitud fija 070214s1961 sp r ||||1| spa d
245 00 - MENCIÓN DEL TÍTULO
Título Relaciones tipográficas mandadas hacer por Felipe II
Resto del título : año 1575 : Daimiel /
Mención de responsabilidad, etc. transcripción por Amalia Sarriá Rueda ; introducción y notas por Francisco Pérez Fernández.
260 ## - PUBLICACIÓN, DISTRIBUCIÓN, ETC.
Lugar de publicación, distribución, etc. Madrid :
Nombre del editor, distribuidor, etc. [s. n.],
Fecha de publicación, distribución, etc. 1961 (
Fabricante Gráf. Clavileño)
300 ## - DESCRIPCIÓN FÍSICA
Extensión XVI, 52 p., 8 lám. ;
Dimensiones 24 cm.
500 ## - NOTA GENERAL
Nota general Precede al tít.: Servicio Nacional de Lectura, Centro Coordinador de Bibliotecas de Ciudad Real, Biblioteca Pública Municipal de Daimiel.
700 1# - ENTRADA AGREGADA--NOMBRE PERSONAL
Nombre de persona Sarriá Rueda, Amalia.
9 (RLIN) 103864
700 1# - ENTRADA AGREGADA--NOMBRE PERSONAL
Nombre de persona Pérez Fernández, Francisco.
9 (RLIN) 90858
710 2# - ENTRADA AGREGADA--NOMBRE DE ENTIDAD CORPORATIVA
Nombre de entidad corporativa o nombre de jurisdicción como elemento de entrada Biblioteca Pública Municipal de Daimiel
9 (RLIN) 6587
852 ## - LOCALIZACIÓN
Ubicación ES-MaACL
Número de control de estantería C-20747
Sublocalización o colección R.48168
Holdings
Estatus retirado Estado de pérdida Estado de daño No para préstamo Biblioteca de origen Biblioteca actual Ubicación en estantería Fecha de adquisición Fuente de adquisición Total de préstamos Signatura topográfica completa Código de barras Visto por última vez Precio de reemplazo Tipo de ítem Koha
        Biblioteca del Ateneo de Madrid Biblioteca del Ateneo de Madrid Galería 17/01/2008     C-20747 1131430 23/02/2023 23/02/2023 Libro impreso